000 00875cam a2200253 a 4500
999 _c3466
_d3466
001 17106132
003 GZU
005 20210415105458.0
008 120105s2012 nyua b 001 0 eng
010 _a 2011052738
020 _a9781447307365
040 _aDLC
_cDLC
_dDLC
042 _apcc
050 0 0 _aHQ1236
_bUNF 2012
245 0 4 _aThe unfinished revolution :
_bvoices from the global fight for women's rights /
_cedited by Minky Worden.
260 _aBristol :
_bThe Policy Press,
_cc2012.
300 _axviii, 361 p. :
_bcol. ill. ;
_c21 cm.
504 _aIncludes bibliographical references and index.
650 0 _aWomen's rights.
700 1 _aWorden, Minky.
906 _a7
_bcbc
_corignew
_d1
_eecip
_f20
_gy-gencatlg
942 _2lcc
_cBK
_h1236
_iUNF
_kHQ